Swapped Flag Colors Quiz #3 - Statistics

General Stats
  • This quiz has been taken 42 times
  • The average score is 14 of 16
Answer Stats
Picture Answer % Correct
United Kingdom
100%
Bangladesh
97%
Israel
97%
Bosnia and Herzegovina
95%
Kosovo
92%
Barbados
89%
Belarus
89%
Cambodia
89%
Kyrgyzstan
89%
India
87%
Iraq
82%
Papua New Guinea
79%
Zambia
79%
Botswana
74%
Burundi
74%
Maldives
74%
No matching quizzes found
Score Distribution
Percent of People with Each Score
Percentile by Number Answered
Your Score History
You have not taken this quiz